MARC

LEADER 00000nam0a2200000 4500
001 305357
005 20231102001807.0
035 |a (RuTPU)RU\TPU\book\330625 
090 |a 305357 
100 |a 20150925d1983 km y0rusy50 ca 
101 1 |a rus  |c eng 
102 |a RU 
105 |a a z 001zy 
200 1 |a Принципы восприятия подвижных объектов  |e пер. с англ.  |f Ш. Ульман  |g под ред. В. Л. Стефанюка 
210 |a Москва  |c Радио и связь  |d 1983 
215 |a 168 с.  |c ил. 
320 |a Библиогр.: с.155-165 
606 1 |a Кибернетика  |2 stltpush  |3 (RuTPU)RU\TPU\subj\39446  |9 59539 
610 1 |a подвижные объекты 
610 1 |a восприятие 
610 1 |a теория 
610 1 |a методология 
610 1 |a соответствия 
610 1 |a установление 
610 1 |a движение 
610 1 |a трехмерная визуализация 
610 1 |a интерпретация 
610 1 |a структура 
675 |a 681.5  |v 4 
700 1 |a Ульман  |b Ш.  |g Шимон 
702 1 |a Стефанюк  |b В. Л.  |4 340 
801 1 |a RU  |b 63413507  |c 20150925 
801 2 |a RU  |b 63413507  |c 20180625  |g RCR 
942 |c BK